[Event "Masters Tournament (MTO)"]
[Site "Biel, CH"]
[Date "2025.07.18"]
[Round "5"]
[White "Kumbharathi, Vedansh"]
[Black "Saxena, Vihaan"]
[Result "0-1"]
[Board "42"]
[WhiteFideId "30998395"]
[BlackFideId "30997780"]
[WhiteElo "1931"]
[BlackElo "2031"]
[WhiteTeam "USA"]
[BlackTeam "USA"]
[WhiteClock "1:07:26"]
[BlackClock "0:34:35"]
[Variant "Standard"]

1. e4 {[%clk 1:40:42]}  e5 {[%clk 1:40:24]} 2. Nf3 {[%clk 1:40:44]}  Nc6 {[%clk 1:40:28]} 3. Bb5 {[%clk 1:40:36]}  Nf6 {[%clk 1:39:20]} 4. d3 {[%clk 1:39:09]}  Bc5 {[%clk 1:38:30]} 5. O-O {[%clk 1:38:44]}  Nd4 {[%clk 1:38:43]} 6. Nxd4 {[%clk 1:37:27]}  Bxd4 {[%clk 1:39:01]} 7. c3 {[%clk 1:36:01]}  Bb6 {[%clk 1:39:13]} 8. Ba4 {[%clk 1:33:01]}  c6 {[%clk 1:34:19]} 9. Bg5 {[%clk 1:29:48]}  d6 {[%clk 1:29:08]} 10. Kh1 {[%clk 1:25:34]}  h6 {[%clk 1:26:02]} 11. Bh4 {[%clk 1:24:08]}  g5 {[%clk 1:16:47]} 12. Bg3 {[%clk 1:24:27]}  h5 {[%clk 1:16:14]} 13. f3 {[%clk 1:18:00]}  h4 {[%clk 1:15:05]} 14. Bf2 {[%clk 1:16:33]}  Nh5 {[%clk 1:05:00]} 15. Qe1 {[%clk 1:11:55]}  Qf6 {[%clk 0:57:08]} 16. d4 {[%clk 1:09:02]}  h3 {[%clk 0:51:16]} 17. Be3 {[%clk 1:05:47]}  hxg2+ {[%clk 0:51:32]} 18. Kxg2 {[%clk 1:06:14]}  Bh3+ {[%clk 0:44:34]} 19. Kf2 {[%clk 1:04:47]}  Bxf1 {[%clk 0:42:50]} 20. Qxf1 {[%clk 1:04:58]}  exd4 {[%clk 0:42:51]} 21. cxd4 {[%clk 1:04:52]}  Bxd4 {[%clk 0:43:09]} 22. Qc4 {[%clk 1:04:53]}  Bxe3+ {[%clk 0:42:34]} 23. Kxe3 {[%clk 1:05:19]}  Qf4+ {[%clk 0:41:25]} 24. Kd3 {[%clk 1:05:31]}  Qxf3+ {[%clk 0:41:45]} 25. Kc2 {[%clk 1:06:00]}  Qf2+ {[%clk 0:37:48]} 26. Nd2 {[%clk 1:06:03]}  Qc5 {[%clk 0:37:18]} 27. Qxc5 {[%clk 1:06:13]}  dxc5 {[%clk 0:37:42]} 28. Bb3 {[%clk 1:06:13]}  Nf4 {[%clk 0:38:04]} 29. Rh1 {[%clk 1:06:29]}  Ke7 {[%clk 0:37:47]} 30. e5 {[%clk 1:06:35]}  b5 {[%clk 0:37:13]} 31. a4 {[%clk 1:06:58]}  c4 {[%clk 0:37:05]} 32. Ba2 {[%clk 1:07:19]}  Ne6 {[%clk 0:36:56]} 33. Ne4 {[%clk 1:07:39]}  Rh4 {[%clk 0:36:18]} 34. Nd6 {[%clk 1:06:59]}  Nd4+ {[%clk 0:35:12]} 35. Kc3 {[%clk 1:07:26]}  f6 {[%clk 0:34:35]} 0-1

[Event "Masters Tournament (MTO)"]
[Site "Biel, CH"]
[Date "2025.07.18"]
[Round "5"]
[White "Gafner, Lancelot"]
[Black "He, Junchen"]
[Result "1/2-1/2"]
[Board "43"]
[WhiteFideId "1345818"]
[BlackFideId "8642427"]
[WhiteElo "1901"]
[BlackElo "2007"]
[WhiteTeam "SUI"]
[BlackTeam "CHN"]
[WhiteClock "0:08:23"]
[BlackClock "0:06:40"]
[Variant "Standard"]

1. e4 {[%clk 1:40:59]}  e6 {[%clk 1:36:49]} 2. d4 {[%clk 1:41:26]}  d5 {[%clk 1:37:14]} 3. Nc3 {[%clk 1:41:48]}  Nf6 {[%clk 1:37:38]} 4. e5 {[%clk 1:42:13]}  Nfd7 {[%clk 1:38:03]} 5. f4 {[%clk 1:42:35]}  c5 {[%clk 1:38:27]} 6. Nf3 {[%clk 1:43:00]}  Nc6 {[%clk 1:38:51]} 7. Be3 {[%clk 1:43:24]}  a6 {[%clk 1:39:09]} 8. Qd2 {[%clk 1:43:32]}  b5 {[%clk 1:39:28]} 9. a3 {[%clk 1:43:32]}  Qa5 {[%clk 1:39:28]} 10. dxc5 {[%clk 1:31:48]}  Bxc5 {[%clk 1:24:30]} 11. Bxc5 {[%clk 1:30:14]}  Nxc5 {[%clk 1:24:53]} 12. Nd4 {[%clk 1:29:53]}  Qb6 {[%clk 1:20:15]} 13. Nxc6 {[%clk 1:19:31]}  Qxc6 {[%clk 1:20:36]} 14. Qd4 {[%clk 1:17:52]}  O-O {[%clk 1:15:40]} 15. Bd3 {[%clk 1:07:57]}  Nd7 {[%clk 1:01:26]} 16. b4 {[%clk 1:06:54]}  Qb6 {[%clk 0:55:38]} 17. Ne2 {[%clk 0:56:56]}  Qxd4 {[%clk 0:38:28]} 18. Nxd4 {[%clk 0:57:21]}  Nb6 {[%clk 0:38:49]} 19. Kf2 {[%clk 0:56:32]}  Bd7 {[%clk 0:37:54]} 20. Rad1 {[%clk 0:52:40]}  Rac8 {[%clk 0:36:55]} 21. Rhe1 {[%clk 0:51:32]}  Rc3 {[%clk 0:35:43]} 22. Re3 {[%clk 0:50:54]}  g6 {[%clk 0:31:33]} 23. Be2 {[%clk 0:47:33]}  Rc7 {[%clk 0:28:23]} 24. Ke1 {[%clk 0:42:51]}  Rfc8 {[%clk 0:24:49]} 25. Kd2 {[%clk 0:42:20]}  Na4 {[%clk 0:17:45]} 26. Kc1 {[%clk 0:36:30]}  Kf8 {[%clk 0:11:48]} 27. Rdd3 {[%clk 0:26:27]}  Ke7 {[%clk 0:09:26]} 28. g4 {[%clk 0:23:56]}  Nc3 {[%clk 0:06:55]} 29. Kb2 {[%clk 0:21:39]}  Na4+ {[%clk 0:06:23]} 30. Kc1 {[%clk 0:19:05]}  Nc3 {[%clk 0:06:41]} 31. Bf3 {[%clk 0:11:20]}  Rc4 {[%clk 0:06:40]} 32. Be2 {[%clk 0:08:23]} 1/2-1/2

[Event "Masters Tournament (MTO)"]
[Site "Biel, CH"]
[Date "2025.07.18"]
[Round "5"]
[White "von Burg, Carl Alexander"]
[Black "Anetov, Amirzhan"]
[Result "0-1"]
[Board "44"]
[WhiteFideId "1352458"]
[BlackFideId "13784951"]
[WhiteElo "1878"]
[BlackElo "1993"]
[WhiteTeam "SUI"]
[BlackTeam "KAZ"]
[WhiteClock "0:24:04"]
[BlackClock "1:00:49"]
[Variant "Standard"]

1. c4 {[%clk 1:40:53]}  Nf6 {[%clk 1:40:38]} 2. d4 {[%clk 1:40:19]}  e6 {[%clk 1:41:00]} 3. g3 {[%clk 1:39:51]}  d5 {[%clk 1:41:09]} 4. Bg2 {[%clk 1:40:42]}  Be7 {[%clk 1:40:48]} 5. Nf3 {[%clk 1:40:54]}  O-O {[%clk 1:41:27]} 6. O-O {[%clk 1:41:18]}  c6 {[%clk 1:41:50]} 7. Nc3 {[%clk 1:40:21]}  a5 {[%clk 1:34:30]} 8. Ne5 {[%clk 1:34:57]}  b6 {[%clk 1:24:13]} 9. e4 {[%clk 1:29:31]}  Bb7 {[%clk 1:21:11]} 10. exd5 {[%clk 1:25:01]}  exd5 {[%clk 1:13:09]} 11. a4 {[%clk 1:20:12]}  Na6 {[%clk 1:07:31]} 12. Bg5 {[%clk 1:16:19]}  Nb4 {[%clk 1:05:04]} 13. cxd5 {[%clk 1:02:55]}  cxd5 {[%clk 1:02:50]} 14. Nb5 {[%clk 0:51:25]}  Rc8 {[%clk 1:00:17]} 15. Rc1 {[%clk 0:47:16]}  h6 {[%clk 0:45:22]} 16. Rxc8 {[%clk 0:44:39]}  Bxc8 {[%clk 0:40:42]} 17. Bf4 {[%clk 0:43:25]}  Bf5 {[%clk 0:34:34]} 18. Qc1 {[%clk 0:38:43]}  Qc8 {[%clk 0:31:32]} 19. Qxc8 {[%clk 0:30:57]}  Rxc8 {[%clk 0:31:10]} 20. Rc1 {[%clk 0:27:32]}  Rxc1+ {[%clk 1:01:31]} 21. Bxc1 {[%clk 0:25:10]}  Ne4 {[%clk 1:00:20]} 22. Bf1 {[%clk 0:23:44]}  f6 {[%clk 0:57:44]} 23. Nf3 {[%clk 0:09:29]}  Nc2 {[%clk 0:53:21]} 24. Bf4 {[%clk 0:07:58]}  Bd8 {[%clk 0:48:48]} 25. Kg2 {[%clk 0:01:22]}  g5 {[%clk 0:43:53]} 26. Bc7 {[%clk 0:17:15]}  Bxc7 {[%clk 0:36:47]} 27. Nxc7 {[%clk 0:15:51]}  Nb4 {[%clk 0:34:13]} 28. h3 {[%clk 0:13:16]}  Kf7 {[%clk 0:31:47]} 29. g4 {[%clk 0:09:44]}  Bd7 {[%clk 0:30:30]} 30. b3 {[%clk 0:12:58]}  Bc6 {[%clk 0:30:22]} 31. Nb5 {[%clk 0:08:46]}  Na2 {[%clk 0:25:33]} 32. Bd3 {[%clk 0:07:39]}  Nc1 {[%clk 0:24:33]} 33. Bc2 {[%clk 0:06:59]}  Bxb5 {[%clk 0:27:40]} 34. axb5 {[%clk 0:06:53]}  Nc3 {[%clk 0:28:03]} 35. Kf1 {[%clk 0:04:28]}  Nxb5 {[%clk 0:28:26]} 36. Ke1 {[%clk 0:04:45]}  Na3 {[%clk 0:28:39]} 37. Bd1 {[%clk 0:03:31]}  Nd3+ {[%clk 0:28:52]} 38. Kf1 {[%clk 0:03:22]}  Nf4 {[%clk 0:28:24]} 39. h4 {[%clk 0:02:49]}  Nb5 {[%clk 0:29:16]} 40. hxg5 {[%clk 0:02:25]}  hxg5 {[%clk 0:29:46]} 41. Bc2 {[%clk 0:01:47]}  Ke7 {[%clk 0:28:08]} 42. Ke1 {[%clk 0:01:03]}  Kd6 {[%clk 0:27:39]} 43. Kd2 {[%clk 0:01:03]}  Kc6 {[%clk 0:30:37]} 44. Bf5 {[%clk 0:00:07]}  Nd6 {[%clk 0:30:54]} 45. Bh7 {[%clk 0:27:51]}  Kb5 {[%clk 0:29:41]} 46. Kc3 {[%clk 0:26:54]}  Nh3 {[%clk 1:00:13]} 47. Ne1 {[%clk 0:23:17]}  Nxf2 {[%clk 0:59:57]} 48. Bg8 {[%clk 0:24:29]}  Kc6 {[%clk 1:00:00]} 49. Be6 {[%clk 0:24:52]}  Nb5+ {[%clk 1:00:06]} 50. Kd2 {[%clk 0:24:08]}  Nxd4 {[%clk 1:00:09]} 51. Ke3 {[%clk 0:23:42]}  Nxe6 {[%clk 0:59:54]} 52. Kxf2 {[%clk 0:24:04]}  Kb5 {[%clk 1:00:49]} 0-1

[Event "Masters Tournament (MTO)"]
[Site "Biel, CH"]
[Date "2025.07.18"]
[Round "5"]
[White "Monteverde, Jonathan"]
[Black "Schaffner, David"]
[Result "1-0"]
[Board "45"]
[WhiteFideId "1314580"]
[BlackFideId "1310607"]
[WhiteElo "2127"]
[BlackElo "1980"]
[WhiteTeam "SUI"]
[BlackTeam "SUI"]
[WhiteClock "0:27:47"]
[BlackClock "0:02:06"]
[Variant "Standard"]

1. d4 {[%clk 1:40:57]}  Nf6 {[%clk 1:40:54]} 2. c4 {[%clk 1:41:23]}  g6 {[%clk 1:41:11]} 3. Nc3 {[%clk 1:41:49]}  d5 {[%clk 1:41:24]} 4. Nf3 {[%clk 1:42:12]}  Bg7 {[%clk 1:41:05]} 5. cxd5 {[%clk 1:42:36]}  Nxd5 {[%clk 1:41:22]} 6. e4 {[%clk 1:42:57]}  Nxc3 {[%clk 1:41:26]} 7. bxc3 {[%clk 1:43:23]}  c5 {[%clk 1:40:53]} 8. Rb1 {[%clk 1:43:42]}  b6 {[%clk 1:39:53]} 9. Be2 {[%clk 1:43:57]}  Qc7 {[%clk 1:39:13]} 10. O-O {[%clk 1:42:59]}  O-O {[%clk 1:38:14]} 11. Bg5 {[%clk 1:42:28]}  Bb7 {[%clk 1:37:06]} 12. Qd3 {[%clk 1:42:22]}  h6 {[%clk 1:35:59]} 13. Bh4 {[%clk 1:41:10]}  cxd4 {[%clk 1:34:27]} 14. cxd4 {[%clk 1:40:27]}  Qf4 {[%clk 1:33:57]} 15. d5 {[%clk 1:30:21]}  f5 {[%clk 0:44:53]} 16. exf5 {[%clk 1:00:14]}  Rxf5 {[%clk 0:40:59]} 17. Bxe7 {[%clk 1:00:05]}  Rxd5 {[%clk 0:13:23]} 18. Qxg6 {[%clk 0:57:45]}  Nd7 {[%clk 0:09:13]} 19. Bd3 {[%clk 0:35:30]}  Nc5 {[%clk 0:05:24]} 20. Qh7+ {[%clk 0:31:31]}  Kf7 {[%clk 0:05:52]} 21. Bg6+ {[%clk 0:31:38]}  Kxe7 {[%clk 0:06:13]} 22. Qxg7+ {[%clk 0:31:48]}  Kd6 {[%clk 0:05:44]} 23. Rfe1 {[%clk 0:30:10]}  Bc8 {[%clk 0:01:37]} 24. Qe7+ {[%clk 0:29:16]}  Kc6 {[%clk 0:02:06]} 25. Ne5+ {[%clk 0:27:47]} 1-0

[Event "Masters Tournament (MTO)"]
[Site "Biel, CH"]
[Date "2025.07.18"]
[Round "5"]
[White "Panda, Barnabas"]
[Black "Cordes, Jule"]
[Result "1-0"]
[Board "46"]
[WhiteFideId "799556"]
[BlackFideId "1060708"]
[WhiteElo "2123"]
[BlackElo "1946"]
[WhiteTeam "HUN"]
[BlackTeam "NED"]
[WhiteClock "0:02:43"]
[BlackClock "0:00:32"]
[Variant "Standard"]

1. d4 {[%clk 1:40:55]}  d5 {[%clk 1:40:55]} 2. c4 {[%clk 1:41:10]}  dxc4 {[%clk 1:41:19]} 3. e3 {[%clk 1:41:26]}  e5 {[%clk 1:41:43]} 4. Bxc4 {[%clk 1:41:25]}  exd4 {[%clk 1:42:06]} 5. exd4 {[%clk 1:41:47]}  Bd6 {[%clk 1:42:28]} 6. Nf3 {[%clk 1:37:08]}  Nf6 {[%clk 1:42:51]} 7. O-O {[%clk 1:37:12]}  O-O {[%clk 1:43:13]} 8. Nc3 {[%clk 1:34:38]}  Nc6 {[%clk 1:43:36]} 9. h3 {[%clk 1:27:18]}  h6 {[%clk 1:43:52]} 10. a3 {[%clk 1:17:20]}  Bf5 {[%clk 1:44:08]} 11. Re1 {[%clk 0:58:43]}  Re8 {[%clk 1:40:57]} 12. Rxe8+ {[%clk 0:49:00]}  Qxe8 {[%clk 1:40:21]} 13. Nh4 {[%clk 0:47:44]}  Bh7 {[%clk 1:33:58]} 14. Be3 {[%clk 0:47:16]}  Qd7 {[%clk 1:20:05]} 15. b4 {[%clk 0:37:47]}  Re8 {[%clk 1:14:38]} 16. Rc1 {[%clk 0:34:14]}  Ne4 {[%clk 1:10:53]} 17. Nf3 {[%clk 0:32:17]}  a6 {[%clk 1:06:27]} 18. Ne2 {[%clk 0:25:41]}  Qf5 {[%clk 1:04:08]} 19. Qb3 {[%clk 0:12:25]}  Nd8 {[%clk 0:50:54]} 20. Bd3 {[%clk 0:10:11]}  Qf6 {[%clk 0:44:21]} 21. Qc2 {[%clk 0:05:42]}  Ng5 {[%clk 0:38:53]} 22. Bxg5 {[%clk 0:05:53]}  Bxd3 {[%clk 0:36:00]} 23. Bxf6 {[%clk 0:06:00]}  Bxc2 {[%clk 0:36:25]} 24. Rxc2 {[%clk 0:06:28]}  gxf6 {[%clk 0:36:43]} 25. Nc1 {[%clk 0:06:50]}  Ne6 {[%clk 0:34:34]} 26. Nd3 {[%clk 0:04:16]}  Rd8 {[%clk 0:23:01]} 27. Nc1 {[%clk 0:01:06]}  Re8 {[%clk 0:19:09]} 28. Re2 {[%clk 0:00:46]}  Rd8 {[%clk 0:17:53]} 29. Nb3 {[%clk 0:00:45]}  Bf8 {[%clk 0:15:32]} 30. g3 {[%clk 0:00:59]}  b6 {[%clk 0:14:02]} 31. Rc2 {[%clk 0:00:51]}  Rd7 {[%clk 0:13:08]} 32. Kg2 {[%clk 0:01:04]}  Rd5 {[%clk 0:08:54]} 33. Rc6 {[%clk 0:00:57]}  Bd6 {[%clk 0:07:53]} 34. Kf1 {[%clk 0:00:45]}  Kf8 {[%clk 0:02:52]} 35. Ke2 {[%clk 0:00:51]}  Ke8 {[%clk 0:00:55]} 36. Ke3 {[%clk 0:00:51]}  Kd7 {[%clk 0:01:13]} 37. Rc2 {[%clk 0:01:13]}  f5 {[%clk 0:00:54]} 38. Kd3 {[%clk 0:00:57]}  Ng5 {[%clk 0:00:37]} 39. Nxg5 {[%clk 0:00:46]}  hxg5 {[%clk 0:01:06]} 40. Kc4 {[%clk 0:00:57]}  c6 {[%clk 0:01:00]} 41. g4 {[%clk 0:28:10]}  Bf4 {[%clk 0:26:14]} 42. a4 {[%clk 0:20:46]}  a5 {[%clk 0:11:05]} 43. bxa5 {[%clk 0:18:26]}  bxa5 {[%clk 0:11:33]} 44. Nc5+ {[%clk 0:15:41]}  Kc8 {[%clk 0:10:22]} 45. Re2 {[%clk 0:13:12]}  fxg4 {[%clk 0:08:52]} 46. hxg4 {[%clk 0:11:28]}  f5 {[%clk 0:06:33]} 47. Re8+ {[%clk 0:10:25]}  Kc7 {[%clk 0:06:59]} 48. f3 {[%clk 0:09:16]}  fxg4 {[%clk 0:06:14]} 49. fxg4 {[%clk 0:09:44]}  Bg3 {[%clk 0:03:44]} 50. Re7+ {[%clk 0:07:19]}  Kd8 {[%clk 0:02:57]} 51. Rg7 {[%clk 0:05:10]}  Bf2 {[%clk 0:01:01]} 52. Ne6+ {[%clk 0:05:20]}  Kc8 {[%clk 0:00:57]} 53. Rc7+ {[%clk 0:05:43]}  Kb8 {[%clk 0:01:19]} 54. Rxc6 {[%clk 0:06:08]}  Rd7 {[%clk 0:01:37]} 55. Rb6+ {[%clk 0:04:01]}  Kc8 {[%clk 0:01:03]} 56. Rb5 {[%clk 0:04:16]}  Be1 {[%clk 0:01:20]} 57. Rxg5 {[%clk 0:04:15]}  Rd6 {[%clk 0:01:19]} 58. Rg8+ {[%clk 0:02:51]}  Kb7 {[%clk 0:01:44]} 59. Nc5+ {[%clk 0:02:50]}  Kc7 {[%clk 0:01:22]} 60. Rf8 {[%clk 0:02:02]}  Rg6 {[%clk 0:01:18]} 61. Rf7+ {[%clk 0:02:22]}  Kc8 {[%clk 0:01:25]} 62. Rf4 {[%clk 0:02:45]}  Kc7 {[%clk 0:01:26]} 63. Re4 {[%clk 0:02:37]}  Bf2 {[%clk 0:01:28]} 64. d5 {[%clk 0:01:52]}  Rb6 {[%clk 0:01:25]} 65. Nd3 {[%clk 0:02:14]}  Bh4 {[%clk 0:00:43]} 66. Re6 {[%clk 0:01:50]}  Rxe6 {[%clk 0:00:39]} 67. dxe6 {[%clk 0:02:14]}  Kd6 {[%clk 0:00:53]} 68. Nc5 {[%clk 0:02:10]}  Ke7 {[%clk 0:00:36]} 69. Kd5 {[%clk 0:02:28]}  Bg5 {[%clk 0:00:32]} 70. Nb3 {[%clk 0:02:43]} 1-0

[Event "Masters Tournament (MTO)"]
[Site "Biel, CH"]
[Date "2025.07.18"]
[Round "5"]
[White "Malli, Shiivesh Sunil"]
[Black "Paul, Mathias"]
[Result "1/2-1/2"]
[Board "47"]
[WhiteFideId "1340409"]
[BlackFideId "24694606"]
[WhiteElo "1969"]
[BlackElo "2051"]
[WhiteTeam "SUI"]
[BlackTeam "GER"]
[WhiteClock "0:12:54"]
[BlackClock "0:16:16"]
[Variant "Standard"]

1. c4 {[%clk 1:40:49]}  e5 {[%clk 1:40:51]} 2. Nc3 {[%clk 1:41:14]}  Nc6 {[%clk 1:41:06]} 3. g3 {[%clk 1:41:37]}  h5 {[%clk 1:41:05]} 4. h4 {[%clk 1:41:22]}  Bc5 {[%clk 1:41:19]} 5. Bg2 {[%clk 1:41:29]}  d6 {[%clk 1:41:11]} 6. e3 {[%clk 1:40:53]}  Nge7 {[%clk 1:39:37]} 7. Nge2 {[%clk 1:41:15]}  Bg4 {[%clk 1:34:46]} 8. d3 {[%clk 1:36:31]}  Qd7 {[%clk 1:31:56]} 9. a3 {[%clk 1:36:07]}  a5 {[%clk 1:32:13]} 10. Nd5 {[%clk 1:28:11]}  a4 {[%clk 1:16:27]} 11. Ndc3 {[%clk 1:21:36]}  Nd8 {[%clk 1:04:39]} 12. d4 {[%clk 1:17:35]}  exd4 {[%clk 1:02:15]} 13. exd4 {[%clk 1:17:36]}  Bb6 {[%clk 1:02:35]} 14. O-O {[%clk 1:11:07]}  O-O {[%clk 1:00:51]} 15. Kh2 {[%clk 1:10:04]}  Re8 {[%clk 0:56:19]} 16. f3 {[%clk 1:07:01]}  Bf5 {[%clk 0:48:21]} 17. Nf4 {[%clk 1:06:38]}  Ne6 {[%clk 0:45:07]} 18. Nxe6 {[%clk 0:50:35]}  Bxe6 {[%clk 0:42:30]} 19. d5 {[%clk 0:46:10]}  Bf5 {[%clk 0:42:49]} 20. Ne2 {[%clk 0:42:13]}  Ng6 {[%clk 0:35:21]} 21. Nd4 {[%clk 0:39:46]}  Ne5 {[%clk 0:25:37]} 22. Nxf5 {[%clk 0:35:45]}  Qxf5 {[%clk 0:26:01]} 23. Bh3 {[%clk 0:35:19]}  Qd3 {[%clk 0:26:04]} 24. f4 {[%clk 0:29:43]}  Qxd1 {[%clk 0:24:36]} 25. Rxd1 {[%clk 0:30:06]}  Nxc4 {[%clk 0:21:29]} 26. Bf1 {[%clk 0:30:29]}  Na5 {[%clk 0:16:36]} 27. Bd2 {[%clk 0:29:01]}  Nb3 {[%clk 0:16:15]} 28. Rab1 {[%clk 0:29:16]}  Nd4 {[%clk 0:10:07]} 29. Bc3 {[%clk 0:28:10]}  Nf5 {[%clk 0:09:35]} 30. Bb5 {[%clk 0:24:07]}  Re3 {[%clk 0:07:54]} 31. Re1 {[%clk 0:23:37]}  Rf3 {[%clk 0:04:27]} 32. Rbd1 {[%clk 0:22:28]}  Rf2+ {[%clk 0:02:51]} 33. Kh3 {[%clk 0:21:50]}  Ne3 {[%clk 0:02:04]} 34. Rd3 {[%clk 0:21:13]}  Ng4 {[%clk 0:01:43]} 35. Rd2 {[%clk 0:21:23]}  Rxd2 {[%clk 0:00:59]} 36. Bxd2 {[%clk 0:21:51]}  Bd4 {[%clk 0:00:44]} 37. Bc3 {[%clk 0:19:52]}  Bxc3 {[%clk 0:00:38]} 38. bxc3 {[%clk 0:20:17]}  Kf8 {[%clk 0:00:42]} 39. Kg2 {[%clk 0:13:37]}  Nf6 {[%clk 0:00:56]} 40. c4 {[%clk 0:13:19]}  g6 {[%clk 0:00:37]} 41. Kf3 {[%clk 0:12:54]}  Ng8 {[%clk 0:16:16]} 1/2-1/2

[Event "Masters Tournament (MTO)"]
[Site "Biel, CH"]
[Date "2025.07.18"]
[Round "5"]
[White "Papaux, Jeremie"]
[Black "Jordan, Christina"]
[Result "0-1"]
[Board "48"]
[WhiteFideId "1340867"]
[BlackFideId "1347977"]
[WhiteElo "2020"]
[BlackElo "1943"]
[WhiteTeam "SUI"]
[BlackTeam "SUI"]
[WhiteClock "0:33:53"]
[BlackClock "0:21:23"]
[Variant "Standard"]

1. Nf3 {[%clk 1:40:54]}  e6 {[%clk 1:40:06]} 2. d4 {[%clk 1:40:08]}  d5 {[%clk 1:40:26]} 3. c4 {[%clk 1:40:14]}  Nf6 {[%clk 1:40:20]} 4. Nc3 {[%clk 1:37:00]}  c6 {[%clk 1:40:33]} 5. e3 {[%clk 1:36:39]}  Nbd7 {[%clk 1:40:08]} 6. Bd3 {[%clk 1:36:00]}  Bd6 {[%clk 1:39:53]} 7. O-O {[%clk 1:35:53]}  O-O {[%clk 1:39:04]} 8. b3 {[%clk 1:32:09]}  Re8 {[%clk 1:35:53]} 9. Bb2 {[%clk 1:31:59]}  dxc4 {[%clk 1:24:49]} 10. bxc4 {[%clk 1:29:46]}  e5 {[%clk 1:24:48]} 11. c5 {[%clk 1:25:36]}  Bc7 {[%clk 1:18:10]} 12. Bc4 {[%clk 1:23:02]}  h6 {[%clk 1:08:28]} 13. Ne2 {[%clk 1:13:07]}  exd4 {[%clk 1:05:50]} 14. exd4 {[%clk 1:06:32]}  Nf8 {[%clk 0:59:12]} 15. Qb3 {[%clk 0:59:47]}  Re7 {[%clk 0:56:05]} 16. Ng3 {[%clk 0:58:13]}  Be6 {[%clk 0:51:06]} 17. Bxe6 {[%clk 0:55:44]}  Nxe6 {[%clk 0:51:17]} 18. Nf5 {[%clk 0:55:38]}  Rd7 {[%clk 0:51:23]} 19. Rfe1 {[%clk 0:50:42]}  Nd5 {[%clk 0:49:12]} 20. Ne5 {[%clk 0:48:30]}  Bxe5 {[%clk 0:46:50]} 21. Rxe5 {[%clk 0:48:35]}  Qf6 {[%clk 0:35:36]} 22. Qg3 {[%clk 0:46:02]}  Qg5 {[%clk 0:32:47]} 23. Qb3 {[%clk 0:40:37]}  Ndf4 {[%clk 0:26:43]} 24. Qf3 {[%clk 0:34:11]}  Ng6 {[%clk 0:21:41]} 25. Re4 {[%clk 0:32:09]}  Qd8 {[%clk 0:18:42]} 26. h4 {[%clk 0:29:48]}  Ne7 {[%clk 0:15:57]} 27. Nd6 {[%clk 0:25:42]}  Nc8 {[%clk 0:14:10]} 28. Nf5 {[%clk 0:23:12]}  Ne7 {[%clk 0:13:37]} 29. Rae1 {[%clk 0:18:31]}  Nxf5 {[%clk 0:13:12]} 30. Qxf5 {[%clk 0:18:56]}  Rd5 {[%clk 0:13:10]} 31. Re5 {[%clk 0:17:17]}  Rxe5 {[%clk 0:12:23]} 32. Rxe5 {[%clk 0:16:40]}  Qxh4 {[%clk 0:11:33]} 33. d5 {[%clk 0:15:06]}  cxd5 {[%clk 0:11:14]} 34. Rxd5 {[%clk 0:15:15]}  Rd8 {[%clk 0:10:44]} 35. Rd6 {[%clk 0:14:04]}  Qg5 {[%clk 0:08:28]} 36. Qd3 {[%clk 0:12:28]}  Rc8 {[%clk 0:07:18]} 37. Rd5 {[%clk 0:12:01]}  Qg4 {[%clk 0:06:28]} 38. Ba3 {[%clk 0:08:37]}  Nf4 {[%clk 0:04:42]} 39. Rd8+ {[%clk 0:08:54]}  Rxd8 {[%clk 0:05:09]} 40. Qxd8+ {[%clk 0:09:12]}  Kh7 {[%clk 0:05:34]} 41. g3 {[%clk 0:08:51]}  Ne2+ {[%clk 0:02:48]} 42. Kg2 {[%clk 0:07:10]}  Qe4+ {[%clk 0:02:16]} 43. f3 {[%clk 0:07:30]}  Qe3 {[%clk 0:02:16]} 44. Qd1 {[%clk 0:07:20]}  Qxa3 {[%clk 0:28:00]} 45. Qc2+ {[%clk 0:37:41]}  g6 {[%clk 0:27:49]} 46. Qxe2 {[%clk 0:37:50]}  Qxc5 {[%clk 0:27:40]} 47. a4 {[%clk 0:36:17]}  a6 {[%clk 0:25:12]} 48. Qb2 {[%clk 0:35:24]}  Qd5 {[%clk 0:24:51]} 49. g4 {[%clk 0:35:34]}  b5 {[%clk 0:24:20]} 50. Qf6 {[%clk 0:35:10]}  bxa4 {[%clk 0:24:13]} 51. Qxa6 {[%clk 0:35:28]}  Qb3 {[%clk 0:24:40]} 52. g5 {[%clk 0:35:24]}  h5 {[%clk 0:24:23]} 53. f4 {[%clk 0:35:16]}  a3 {[%clk 0:20:33]} 54. Qf6 {[%clk 0:33:42]}  Qb2+ {[%clk 0:20:59]} 55. Kh3 {[%clk 0:33:53]}  Qxf6 {[%clk 0:21:23]} 0-1

[Event "Masters Tournament (MTO)"]
[Site "Biel, CH"]
[Date "2025.07.18"]
[Round "5"]
[White "Stefan, Iulia-Cristiana"]
[Black "Heyl, Thomas"]
[Result "1/2-1/2"]
[Board "49"]
[WhiteFideId "1273876"]
[BlackFideId "4623371"]
[WhiteTitle "WCM"]
[WhiteElo "2017"]
[BlackElo "1938"]
[WhiteTeam "ROU"]
[BlackTeam "GER"]
[WhiteClock "0:02:06"]
[BlackClock "0:12:28"]
[Variant "Standard"]

1. d4 {[%clk 1:40:57]}  Nf6 {[%clk 1:40:48]} 2. Nf3 {[%clk 1:41:20]}  d5 {[%clk 1:41:07]} 3. c4 {[%clk 1:41:44]}  e6 {[%clk 1:41:29]} 4. Bg5 {[%clk 1:42:09]}  Nbd7 {[%clk 1:41:17]} 5. e3 {[%clk 1:42:29]}  Bb4+ {[%clk 1:39:50]} 6. Nbd2 {[%clk 1:42:44]}  O-O {[%clk 1:39:42]} 7. a3 {[%clk 1:37:09]}  Be7 {[%clk 1:39:55]} 8. Bd3 {[%clk 1:36:53]}  h6 {[%clk 1:37:35]} 9. Bh4 {[%clk 1:36:50]}  b6 {[%clk 1:37:06]} 10. Rc1 {[%clk 1:34:47]}  Bb7 {[%clk 1:34:58]} 11. cxd5 {[%clk 1:33:44]}  exd5 {[%clk 1:35:17]} 12. O-O {[%clk 1:32:10]}  c5 {[%clk 1:32:41]} 13. dxc5 {[%clk 1:29:52]}  bxc5 {[%clk 1:32:45]} 14. Bb1 {[%clk 1:22:01]}  Rc8 {[%clk 1:27:57]} 15. Qc2 {[%clk 1:17:37]}  Re8 {[%clk 1:26:10]} 16. Rfd1 {[%clk 1:11:27]}  Nf8 {[%clk 1:23:22]} 17. h3 {[%clk 1:05:05]}  Qb6 {[%clk 1:11:54]} 18. Ba2 {[%clk 0:59:44]}  Ng6 {[%clk 1:06:34]} 19. Bg3 {[%clk 0:58:34]}  Bf8 {[%clk 0:54:17]} 20. Qc3 {[%clk 0:40:01]}  Bd6 {[%clk 0:49:31]} 21. Bxd6 {[%clk 0:23:05]}  Qxd6 {[%clk 0:49:55]} 22. Nc4 {[%clk 0:17:37]}  Qe7 {[%clk 0:49:00]} 23. Na5 {[%clk 0:14:41]}  Ba8 {[%clk 0:48:10]} 24. Bb1 {[%clk 0:09:57]}  Ne4 {[%clk 0:46:44]} 25. Bxe4 {[%clk 0:07:40]}  Qxe4 {[%clk 0:46:18]} 26. Nb3 {[%clk 0:07:18]}  Ne5 {[%clk 0:40:51]} 27. Nbd2 {[%clk 0:06:59]}  Nxf3+ {[%clk 0:40:25]} 28. Nxf3 {[%clk 0:07:27]}  Qf5 {[%clk 0:35:43]} 29. Qc2 {[%clk 0:04:53]}  Qd7 {[%clk 0:33:16]} 30. Qd3 {[%clk 0:03:02]}  Red8 {[%clk 0:28:16]} 31. b4 {[%clk 0:00:58]}  d4 {[%clk 0:20:41]} 32. e4 {[%clk 0:00:45]}  Qe6 {[%clk 0:15:52]} 33. bxc5 {[%clk 0:00:45]}  Bxe4 {[%clk 0:15:50]} 34. Qe2 {[%clk 0:00:53]}  Bxf3 {[%clk 0:15:43]} 35. Qxf3 {[%clk 0:01:22]}  Qd5 {[%clk 0:13:56]} 36. Qxd5 {[%clk 0:01:29]}  Rxd5 {[%clk 0:14:21]} 37. Rc4 {[%clk 0:01:30]}  d3 {[%clk 0:12:53]} 38. Rd2 {[%clk 0:00:55]}  Kf8 {[%clk 0:12:35]} 39. Rc3 {[%clk 0:01:06]}  Ke7 {[%clk 0:11:57]} 40. Rcxd3 {[%clk 0:01:23]}  Rxd3 {[%clk 0:12:14]} 41. Rxd3 {[%clk 0:01:51]}  Rxc5 {[%clk 0:12:28]} 42. Kf1 {[%clk 0:02:06]} 1/2-1/2